| 000 | 01120nam a2200265 i 4500 | ||
|---|---|---|---|
| 001 | bg | ||
| 245 | 0 | 0 |
_aEncyklopedia powszechna [Dokument elektroniczny] : _bmultimedialna. |
| 246 | 1 | _aEncyklopedia powszechna 2002 | |
| 246 | 1 | _aMultimedialna encyklopedia powszechna 2002 | |
| 255 | _aMultimedia interakcyjne | ||
| 260 |
_aŁódź : _bCartall, _ccop. 2001. |
||
| 300 |
_a2 dyski optyczne (CD-ROM) : _bdźw., kolor. ; _c12 cm. |
||
| 500 | _aTyt. z gł. menu. | ||
| 500 | _aTyt. na etykietach dysków: Encyklopedia powszechna 2002. | ||
| 500 | _aTyt. na pojemniku: Multimedialna encyklopedia powszechna 2002. | ||
| 500 | _aDysk instalacyjny. Dysk uruchomieniowy. | ||
| 500 | _aWymagania systemowe: Pentium 100 MHz; 32 MB RAM; 400 MB HDD; Windows 98 lub nowsze; Microsoft Internet Explorer 4.0 lub nowszy; karta graficzna 64 tys. kolorów (800 x 600); karta dźwiękowa; czytnik CD-ROM ośmiokrotnej prędkości. | ||
| 650 | 9 | _aEncyklopedia polska | |
| 655 | _aDokumenty elektroniczne | ||
| 040 | _cBPK | ||
| 041 | 0 | _apol | |
| 080 | _a0/9(03) | ||
| 942 | _cCD | ||
| 008 | s pl f |000 0 pol | ||
| 999 |
_c24076 _d24076 |
||
| 856 |
_uhttp://koha.tu.koszalin.pl/cgi-bin/koha/opac-detail.pl?biblionumber=24076 _yKatalog online BPK |
||